000 00332nam a2200145Ia 4500
005 20260328101445.0
008 260328s9999||||xx |||||||||||||| ||und||
100 _aFischer, Ernst
245 0 _aLa Necesidad del Arte /
_cErnst Fischer
250 _a1a ed.
260 _bPenguin
300 _a270 p.
650 _aARTE
942 _cBK
999 _c8425
_d8425